00893nam a22002657a 4500003000500000005001700005008004100022010001000063011001000073035001000083040000900093082001500102100002200117245009700139260003400236300003100270490006600301650003600367650003400403650003700437650003900474650002800513700002000541830006600561CHAP20220329133940.0971013s1984 r 00010 d a13095 a14067 a18140 cCHAP a631.47bH400aHeld, R. Burnell. aRural land uses and planningb: a comparative study of the Netharlands and the United States aAmsterdam :bEl sevier,c1984 a445 p.b: ilus. ; gráfs. aDevelopments in landscape management and urban planning - 6 A14aPolítica agrícolaxHolanda.14aPolítica agrícolazE.U.A.14aTierrasxAprovechamientoxE.U.A.14aTierrasxAprovechamientoxHolanda.14aTierrasxUtilización.0 aVisser, Dick W.0 aDevelopments in landscape management and urban planning - 6 A